Nacer y crecer : (Registro nro. 15467)

Detalles MARC
000 -CABECERA
campo de control de longitud fija 02424nam a22003617a 4500
003 - IDENTIFICADOR DEL NÚMERO DE CONTROL
campo de control DO-SdBPM
005 - FECHA Y HORA DE LA ÚLTIMA TRANSACCIÓN
campo de control 20251020095804.0
008 - DATOS DE LONGITUD FIJA--INFORMACIÓN GENERAL
campo de control de longitud fija 180205b 2000 sp |||| 00| 0 spa d
020 ## - NÚMERO INTERNACIONAL ESTÁNDAR DEL LIBRO
Número Internacional Estándar del Libro 8434504146 (obra completa)
020 ## - NÚMERO INTERNACIONAL ESTÁNDAR DEL LIBRO
Número Internacional Estándar del Libro 8434504162 (v.2)
040 ## - FUENTE DE LA CATALOGACIÓN
Centro catalogador/agencia de origen DO-SdBPM
Lengua de catalogación spa
Centro/agencia transcriptor BPMSU
Centro/agencia modificador rda
082 #4 - NÚMERO DE LA CLASIFICACIÓN DECIMAL DEWEY
Número de clasificación 618.92
Número de documento/Ítem N118c 2000
Número de edición 22
100 1# - ENTRADA PRINCIPAL--NOMBRE DE PERSONA
Nombre de persona
245 10 - MENCIÓN DE TÍTULO
Título Nacer y crecer :
Resto del título el mundo de tu hijo paso a paso /
Mención de responsabilidad, etc. Texto de este volumen Martí Pallás Padilla ; dirección editorial, Francesc Navarro
264 ## - PRODUCCIÓN, PUBLICACIÓN, DISTRIBUCIÓN, FABRICACIÓN Y COPYRIGHT
Producción, publicación, distribución, fabricación y copyright Barcelona :
Nombre del de productor, editor, distribuidor, fabricante Salvat Editores,
Fecha de producción, publicación, distribución, fabricación o copyright 2000
300 ## - DESCRIPCIÓN FÍSICA
Extensión volumenes :
Otras características físicas ilustración ;
Dimensiones 25 cm
336 ## - TIPO DE CONTENIDO
Término de tipo de contenido texto
Código de tipo de contenido txt
Fuente rdacontent
337 ## - TIPO DE MEDIO
Nombre/término del tipo de medio sin mediación
Código del tipo de medio n
Fuente rdamedia
338 ## - TIPO DE SOPORTE
Nombre/término del tipo de soporte volumen
Código del tipo de soporte vc
Fuente rdacarrier
490 0# - MENCIÓN DE SERIE
Mención de serie
Designación de volumen o secuencia 21
500 ## - NOTA GENERAL
Especificación de materiales Incluye bibliografía e índice.
505 0# - NOTA DE CONTENIDO CON FORMATO
Nota de contenido con formato v. 1. Estoy embarazada! -- v. 2. El desarrollo de un nuevo ser, el cuerpo de la madre y el desarrollo del feto mes a mes, embarazo gemelar -- v. 3. La salud de la futura madre -- v. 4. Nueve meses en plena forma -- v. 5. La alimentacin de la embarazada -- v. 6. La llegada del nuevo ser -- v. 7. Despus del parto -- v. 8. El recién nacido, el peso y la talla , el aseo del pequeño, el sueño. cuidados del niño prematuro -- v. 9. La lactancia -- v. 10. Los tres primeros meses del beb -- v. 11. El beb de los tres a los doce meses -- v. 12. Higiene y salud del beb -- v. 13. Comunicacin y lenguaje -- v. 14. El segundo año de vida del niño -- v. 15. El tercer año de vida del niño -- v. 16. El niño entre tres y seis años -- v. 17. El pequeño gastrnomo -- v. 18. Canguros, guarderas y tiempo libre -- v. 19. Comenzar a aprender -- v. 20. El juego -- v. 21. Crecer desde la motivacin -- v. 22. Desarrollo psicolgico del niño -- v. 23. Deteccin de trastornos de la conducta -- v. 24. Seguridad y prevencin infantil -- v. 25. Primeros auxilios -- v. 26. Enfermedades infantiles - I -- v. 27. Enfermedades infantiles - II -- v. 28. La familia y el niño - I -- v. 29. La familia y el niño - II -- v. 30. Glosario, ndice
590 ## - NOTA LOCAL (RLIN)
Nota local Inventariado, 2025/VM
650 #7 - PUNTO DE ACCESO ADICIONAL DE MATERIA--TÉRMINO DE MATERIA
Término de materia o nombre geográfico como elemento de entrada Embarazo.
Subdivisión de forma
650 #7 - PUNTO DE ACCESO ADICIONAL DE MATERIA--TÉRMINO DE MATERIA
Término de materia o nombre geográfico como elemento de entrada Pediatría
650 #7 - PUNTO DE ACCESO ADICIONAL DE MATERIA--TÉRMINO DE MATERIA
Término de materia o nombre geográfico como elemento de entrada Niños
Subdivisión general Cuidado e higiene.
650 #4 - PUNTO DE ACCESO ADICIONAL DE MATERIA--TÉRMINO DE MATERIA
Término de materia o nombre geográfico como elemento de entrada Niños
Subdivisión general Crecimiento
650 #7 - PUNTO DE ACCESO ADICIONAL DE MATERIA--TÉRMINO DE MATERIA
Término de materia o nombre geográfico como elemento de entrada Padres e hijos
700 1# - PUNTO DE ACCESO ADICIONAL--NOMBRE DE PERSONA
Nombre de persona Navarro, Francesc
Término indicativo de función/relación dirección editorial
700 1# - PUNTO DE ACCESO ADICIONAL--NOMBRE DE PERSONA
Nombre de persona Pallá Padilla, Martí
Término indicativo de función/relación texto
910 ## - DATOS DE OPCIÓN DEL USUARIO (OCLC)
Datos de opción del usuario VMateo V. Control de calidad. BPMSU
942 ## - ELEMENTOS DE PUNTO DE ACCESO ADICIONAL (KOHA)
Fuente del sistema de clasificación o colocación Dewey Decimal Classification
Tipo de ítem Koha Libros
Existencias
Estado de retiro Estado de pérdida Fuente del sistema de clasificación o colocación No para préstamo Código de colección Localización permanente Ubicación/localización actual Fecha de adquisición Fuente de adquisición Total de préstamos Signatura topográfica completa Código de barras Fecha visto por última vez Número de copia Precio válido a partir de Tipo de ítem Koha
    Dewey Decimal Classification   Colección General Biblioteca Pública Metropolitana Salomé Ureña Biblioteca Pública Metropolitana Salomé Ureña 10/20/2025 FUNDI   BPMSU CG 618.92 N118c 2000 BPMSU25100082 10/20/2025 v.2 10/20/2025 Libros
    Dewey Decimal Classification   Colección General Biblioteca Pública Metropolitana Salomé Ureña Biblioteca Pública Metropolitana Salomé Ureña 10/20/2025 FUNDI   BPMSU CG 618.92 N118c 2000 BPMSU25100083 10/20/2025 v.8 10/20/2025 Libros